|
|
|
|
| LEADER |
00753cam a2200205 7i4500 |
| 001 |
0000021127 |
| 005 |
20170218090000.0 |
| 008 |
080414 eng |
| 020 |
|
|
|a 9780471666554 (hbk.)
|
| 040 |
|
|
|a DLC
|
| 090 |
0 |
0 |
|a QA76.9.D343
|b M39 2007
|
| 100 |
1 |
|
|a Markov, Zdravko
|
| 245 |
1 |
0 |
|a Data mining the web :
|b uncovering patterns in web content, structure, and usage
|c Zdravko Markov and Daniel T. Larose.
|
| 260 |
|
|
|a Hoboken, N.J.:
|b John Wiley & Sons,
|c 2007.
|
| 300 |
|
|
|a xvi, 218 p.:
|b ill.;
|c 24 cm.
|
| 500 |
|
|
|a Includes index
|
| 650 |
0 |
0 |
|a Data mining
|
| 700 |
1 |
|
|a Larose, Daniel T
|
| 997 |
|
|
|a Communication, Visual Art & Computing, Faculty
|b Computing, Department
|
| 999 |
|
|
|a 0000030440
|b BOK
|c OPEN SHELF
|e 2nd Floor, Bestari Jaya
|